[Event "36th Reykjavik op"]
[Site "Reykjavik ISL"]
[Date "2023.04.04"]
[Round "9.112"]
[White "Johannsdottir, Johanna Bjoerg"]
[Black "Lien, Benjamin"]
[WhiteElo "1974"]
[BlackElo "1495"]
[Result "1-0"]
[EventDate "2023.03.29"]
[PlyCount "87"]

1. e4 e5 2. Nf3 Nc6 3. Bc4 Bc5 4. d3 Nf6 5. a4 a6 6. Nbd2 Ba7 7. c3 O-O 8. O-O d6
9. h3 Re8 10. Re1 h6 11. Bb3 Be6 12. Nf1 d5 13. Qc2 Qd7 14. Be3 Bxe3 15. Nxe3 Rad8
16. Nh4 g6 17. Rad1 b5 18. Nf3 d4 19. Bxe6 Qxe6 20. cxd4 exd4 21. axb5 axb5 22. Nf1
Ra8 23. Rc1 Ra6 24. Qc5 Rd8 25. Qxb5 Rb6 26. Qc5 Nd7 27. Qc2 Nf8 28. N1d2 Qe7 29.
Nc4 Nb4 30. Qd2 Ra6 31. Ra1 Rxa1 32. Rxa1 Ne6 33. Nfe5 Kg7 34. Ng4 g5 35. g3 c5 36.
f4 Qc7 37. e5 Qc6 38. Rf1 Qa6 39. Nf6 Rh8 40. Nh5+ Kf8 41. f5 Ng7 42. Nf6 Ke7 43.
Ne4 Kd7 44. Nxc5+  1-0

[Event "36th Reykjavik op"]
[Site "Reykjavik ISL"]
[Date "2023.04.04"]
[Round "9.114"]
[White "Kane, Robert"]
[Black "Striskova, Lucia"]
[WhiteElo "1745"]
[BlackElo "2002"]
[Result "0-1"]
[EventDate "2023.03.29"]
[PlyCount "94"]

1. d4 f5 2. Nc3 Nf6 3. Bf4 d6 4. e3 e6 5. Nf3 Be7 6. Bd3 O-O 7. Qe2 d5 8. O-O-O Nbd7
9. h3 c6 10. g4 Ne4 11. Bxe4 fxe4 12. Ne5 Nxe5 13. dxe5 Qa5 14. h4 b5 15. f3 b4 16.
Nb1 Ba6 17. Qg2 exf3 18. Qxf3 Qxa2 19. g5 c5 20. Qh5 Rf5 21. Qg4 Raf8 22. Bg3 Bc8
23. Qe2 c4 24. c3 a5 25. g6 h6 26. Rhf1 Bc5 27. Rxf5 Rxf5 28. e4 dxe4 29. Rd8+ Rf8
30. Rxf8+ Kxf8 31. Qf1+ Ke8 32. Qf7+ Kd8 33. Qg8+ Kc7 34. Qxg7+ Bd7 35. Qxh6 bxc3
36. Nxc3 Qa1+ 37. Nb1 c3 38. bxc3 Ba3+ 39. Kd2 Qa2+ 40. Ke1 Qxb1+ 41. Kf2 Bc5+ 42.
Kg2 Qg1+ 43. Kh3 Qf1+ 44. Kh2 Bg1+ 45. Kh1 Bf2+ 46. Kh2 Qg1+ 47. Kh3 Qxg3#  0-1

[Event "36th Reykjavik op"]
[Site "Reykjavik ISL"]
[Date "2023.04.04"]
[Round "9.115"]
[White "Thorisson, Benedikt"]
[Black "Daemering, Katrin"]
[WhiteElo "1725"]
[BlackElo "1991"]
[Result "1/2-1/2"]
[EventDate "2023.03.29"]
[PlyCount "81"]

1. e4 g6 2. d4 Bg7 3. f4 d6 4. Nf3 Nd7 5. e5 e6 6. Bd3 Ne7 7. O-O a6 8. c4 d5 9.
c5 Nc6 10. Bd2 f6 11. Qe1 f5 12. b4 Qe7 13. Na3 h6 14. Nc2 Nf8 15. a4 Nd8 16. b5
axb5 17. axb5 Rxa1 18. Qxa1 c6 19. Qa8 Qd7 20. Ba5 Nh7 21. Rb1 O-O 22. Bxd8 Rxd8
23. bxc6 Qxc6 24. Rb6 Qc7 25. Qa7 Qf7 26. Na3 g5 27. Nb5 Bf8 28. Nd6 Bxd6 29. exd6
gxf4 30. Ne5 Qf6 31. Qa1 Nf8 32. Bb5 Qg7 33. d7 Bxd7 34. Rxb7 f3 35. g3 Qg5 36. Qe1
Bxb5 37. Nf7 Qf6 38. Qe3 Ra8 39. Nxh6+ Kh8 40. Nf7+ Kg8 41. Nh6+  1/2-1/2

[Event "36th Reykjavik op"]
[Site "Reykjavik ISL"]
[Date "2023.04.04"]
[Round "9.117"]
[White "Pedersen, Sondre-Andreas"]
[Black "Moeller, Jared William"]
[WhiteElo "1674"]
[BlackElo "1974"]
[Result "1/2-1/2"]
[EventDate "2023.03.29"]
[PlyCount "62"]

1. d4 d5 2. c4 e6 3. Nc3 c5 4. cxd5 cxd4 5. Qa4+ Bd7 6. Qxd4 exd5 7. Qxd5 Nf6 8.
Qd1 Bc5 9. e3 O-O 10. Nf3 Qe7 11. Be2 Nc6 12. O-O Rfd8 13. Bd2 Ne5 14. Nxe5 Qxe5
15. Bf3 Bf5 16. e4 Bxe4 17. Bxe4 Nxe4 18. Nxe4 Qxe4 19. Qc1 Rac8 20. Bc3 Bd4 21.
Rd1 Qe2 22. Rf1 Rc6 23. Qg5 f6 24. Qa5 Bb6 25. Qf5 Qe6 26. Qxe6+ Rxe6 27. Rfe1 Rxe1+
28. Rxe1 Bd4 29. Bxd4 Rxd4 30. Kf1 Kf7 31. Rc1 Rb4  1/2-1/2

[Event "36th Reykjavik op"]
[Site "Reykjavik ISL"]
[Date "2023.04.04"]
[Round "9.118"]
[White "Nilsson, Oliver"]
[Black "Kjartansson, Matthias Bjoergvin"]
[WhiteElo "1955"]
[BlackElo "1689"]
[Result "1-0"]
[EventDate "2023.03.29"]
[PlyCount "47"]

1. e4 e5 2. Nf3 Nc6 3. Bc4 Bc5 4. c3 Nf6 5. d4 exd4 6. e5 Qe7 7. O-O Nxe5 8. Nxe5
Qxe5 9. Re1 Ne4 10. Nd2 d5 11. Qf3 O-O 12. Nxe4 dxe4 13. Rxe4 Qd6 14. Bf4 Qf6 15.
cxd4 Bxd4 16. Rae1 b5 17. Rxd4 Qxd4 18. Bxf7+ Rxf7 19. Qxa8 Rf8 20. Be3 Qxb2 21.
Qd5+ Kh8 22. Bd4 Qb4 23. Qe5 Rg8 24. Qxg7+  1-0

[Event "36th Reykjavik op"]
[Site "Reykjavik ISL"]
[Date "2023.04.04"]
[Round "9.119"]
[White "Rice, Chris"]
[Black "Bjarnason, Snorri Vikanes"]
[WhiteElo "1952"]
[BlackElo "1676"]
[Result "1/2-1/2"]
[EventDate "2023.03.29"]
[PlyCount "89"]

1. d4 d5 2. Nf3 Nf6 3. c4 c6 4. cxd5 cxd5 5. Nc3 Nc6 6. Bf4 a6 7. e3 Bg4 8. Be2 e6
9. h3 Bh5 10. O-O Bd6 11. Bxd6 Qxd6 12. Rc1 O-O 13. Nd2 Bxe2 14. Qxe2 e5 15. dxe5
Nxe5 16. Rfd1 Rac8 17. Nf3 Rfd8 18. Rc2 Nc6 19. Rcd2 Ne7 20. e4 Qc5 21. exd5 Nexd5
22. Nxd5 Rxd5 23. Rxd5 Nxd5 24. Qe5 Rd8 25. Ng5 h6 26. Ne4 Qa5 27. Nc3 Nxc3 28. Qxa5
Rxd1+ 29. Kh2 Nb5 30. a4 Nd6 31. Qd8+ Kh7 32. Qd7 Rd4 33. g3 Rd5 34. Kg2 Rd1 35.
Kf3 Rd2 36. g4 g6 37. b3 Kg7 38. Qc7 Kh7 39. Ke3 Rd5 40. h4 h5 41. f3 Kg7 42. Ke2
Kf6 43. Qc3+ Ke6 44. g5 Kd7 45. b4  1/2-1/2

[Event "36th Reykjavik op"]
[Site "Reykjavik ISL"]
[Date "2023.04.04"]
[Round "9.120"]
[White "Kolka, David"]
[Black "Kaergaard, Sissel"]
[WhiteElo "1940"]
[BlackElo "1665"]
[Result "1-0"]
[EventDate "2023.03.29"]
[PlyCount "77"]

1. e4 e6 2. d4 d5 3. Nd2 Nf6 4. e5 Nfd7 5. c3 c5 6. Bd3 Nc6 7. Ne2 Be7 8. O-O O-O
9. f4 b6 10. Nf3 a5 11. Kh1 Ba6 12. g4 Bxd3 13. Qxd3 cxd4 14. Nexd4 Nxd4 15. cxd4
f5 16. Rg1 fxg4 17. Rxg4 Rf5 18. Bd2 Nf8 19. Ne1 Ng6 20. Ng2 Rc8 21. Rf1 Qf8 22.
Qg3 Bb4 23. Bc1 Rc7 24. a3 Qc8 25. Be3 Be7 26. Bd2 Qa6 27. Ne3 Rh5 28. Qf3 Nh4 29.
Rxg7+ Kxg7 30. Qxh5 Qd3 31. f5 Qe4+ 32. Kg1 exf5 33. Nxf5+ Nxf5 34. Rxf5 Qxd4+ 35.
Rf2 Rc6 36. Qf7+ Kh8 37. Qe8+ Kg7 38. Qxe7+ Kh8 39. Qf8#  1-0

[Event "36th Reykjavik op"]
[Site "Reykjavik ISL"]
[Date "2023.04.04"]
[Round "9.121"]
[White "Andersson, Christer"]
[Black "Jansen, Jesper Billeskov"]
[WhiteElo "1659"]
[BlackElo "1928"]
[Result "0-1"]
[EventDate "2023.03.29"]
[PlyCount "44"]

1. d4 Nf6 2. Nf3 g6 3. c3 Bg7 4. Nbd2 d5 5. e3 O-O 6. Bd3 Nbd7 7. O-O Re8 8. h3 c5
9. Re1 e5 10. dxe5 Nxe5 11. Bc2 Bd7 12. Rb1 Bc6 13. Nxe5 Rxe5 14. Nf3 Re8 15. Bd2
Ne4 16. Nh2 Qh4 17. Bxe4 dxe4 18. Qg4 Qe7 19. Qe2 Rad8 20. Rbd1 Rd3 21. Bc1 c4 22.
Qc2 Red8  0-1

[Event "36th Reykjavik op"]
[Site "Reykjavik ISL"]
[Date "2023.04.04"]
[Round "9.122"]
[White "Schaefer, Kay"]
[Black "Carr, Jay"]
[WhiteElo "1919"]
[BlackElo "1663"]
[Result "1/2-1/2"]
[EventDate "2023.03.29"]
[PlyCount "45"]

1. e4 c5 2. Nc3 e6 3. f4 d5 4. Bb5+ Bd7 5. Bxd7+ Qxd7 6. Nf3 dxe4 7. Nxe4 Nc6 8.
d3 Be7 9. O-O Nf6 10. Qe2 O-O 11. h3 Rad8 12. g3 b6 13. Kh2 Nd4 14. Qg2 Nxf3+ 15.
Qxf3 Qd4 16. Nc3 Nd5 17. Ne2 Qa4 18. b3 Qa5 19. Bb2 Qd2 20. Rac1 Bf6 21. Rfd1 Qa5
22. Bxf6 Nxf6 23. a4  1/2-1/2

[Event "36th Reykjavik op"]
[Site "Reykjavik ISL"]
[Date "2023.04.04"]
[Round "9.123"]
[White "Geyler, Stefan"]
[Black "Helgadottir, Idunn"]
[WhiteElo "1915"]
[BlackElo "1636"]
[Result "0-1"]
[EventDate "2023.03.29"]
[PlyCount "80"]

1. e4 c5 2. Nf3 e6 3. d4 cxd4 4. Nxd4 Nc6 5. Nb5 d6 6. c4 a6 7. N5c3 Nf6 8. Be2 Be7
9. O-O O-O 10. Re1 Qc7 11. Na3 b6 12. Bf4 Bb7 13. Rc1 Rfd8 14. f3 Rac8 15. Bf1 Nd7
16. Nd5 exd5 17. cxd5 b5 18. dxc6 Bxc6 19. Qd2 Ne5 20. Be3 Qb7 21. Bd4 Bf6 22. Qf2
Re8 23. Red1 d5 24. exd5 Bxd5 25. Rxc8 Rxc8 26. Re1 Nd7 27. b3 Be6 28. Bd3 Qd5 29.
Bxf6 Nxf6 30. Rd1 Bf5 31. Be2 Qe6 32. Bf1 h6 33. Re1 Qd6 34. Qb2 Nd5 35. Rc1 Re8
36. Nc2 Qc5+ 37. Kh1 Bxc2 38. Qxc2 Qxc2 39. Rxc2 Re1 40. Kg1 Rxf1+  0-1

[Event "36th Reykjavik op"]
[Site "Reykjavik ISL"]
[Date "2023.04.04"]
[Round "9.124"]
[White "Skarphedinsson, Ingvar Wu"]
[Black "Eriksen, Leander"]
[WhiteElo "1882"]
[BlackElo "1637"]
[Result "1-0"]
[EventDate "2023.03.29"]
[PlyCount "149"]

1. d4 Nf6 2. Bf4 e6 3. e3 c5 4. c3 d5 5. Nd2 Nc6 6. Ngf3 Bd6 7. Bg3 O-O 8. Bd3 b6
9. Ne5 Bb7 10. O-O Ne7 11. f4 Ne4 12. Bh4 f6 13. Bxe4 dxe4 14. Nec4 Nf5 15. Nxd6
Qxd6 16. Bf2 cxd4 17. cxd4 Rac8 18. g4 Ne7 19. Qa4 Bc6 20. Qxa7 Bb5 21. Rfc1 f5 22.
gxf5 exf5 23. Kh1 Nd5 24. Rxc8 Rxc8 25. Rg1 Rc7 26. Qa8+ Kf7 27. Qh8 Qh6 28. Qd8
Qe6 29. Qg5 Qg6 30. Qh4 Qh6 31. Qd8 Qe6 32. Qg5 g6 33. a4 Bd3 34. Qh6 Kg8 35. h4
Nf6 36. Qg5 Rc2 37. Be1 Ng4 38. h5 Be2 39. d5 Qxd5 40. hxg6 h6 41. Qe7 Nf6 42. Qxf6
Bf3+ 43. Nxf3 exf3 44. Qf7+ Qxf7 45. gxf7+ Kxf7 46. Bc3 Ke6 47. Rg3 Kd5 48. Rxf3
Ke4 49. Rg3 Rc1+ 50. Kh2 Ra1 51. Bd4 Rb1 52. Rh3 Re1 53. Rxh6 Kf3 54. Rh3+ Ke4 55.
Kg3 Rg1+ 56. Kh4 Rg2 57. Rg3 Rc2 58. Rg7 Rc6 59. Kg5 Re6 60. Rg6 Re8 61. Rxb6 Rg8+
62. Rg6 Ra8 63. b3 Rb8 64. a5 Rxb3 65. a6 Rb8 66. a7 Re8 67. Re6+ Rxe6 68. a8=Q+
Kd3 69. Kxf5 Rh6 70. Qa3+ Kc4 71. Ke4 Re6+ 72. Be5 Rh6 73. Qc3+ Kb5 74. Kd5 Ka4 75.
Qc6+  1-0

[Event "36th Reykjavik op"]
[Site "Reykjavik ISL"]
[Date "2023.04.04"]
[Round "9.125"]
[White "Van Meter, Lester"]
[Black "Texe, Eirik"]
[WhiteElo "1872"]
[BlackElo "1592"]
[Result "0-1"]
[EventDate "2023.03.29"]
[PlyCount "58"]

1. d4 Nf6 2. Nf3 e6 3. c4 d5 4. g3 dxc4 5. Bg2 Nc6 6. O-O Rb8 7. e3 b5 8. Qe2 Be7
9. b3 cxb3 10. axb3 a6 11. Bb2 O-O 12. Re1 Nb4 13. Ne5 Nd7 14. Nc6 Nxc6 15. Bxc6
Rb6 16. Bg2 c5 17. Nd2 cxd4 18. Bxd4 Rd6 19. Ne4 Rxd4 20. exd4 Nb6 21. Nc5 Qxd4 22.
Nxa6 Nd5 23. Qxb5 Nc3 24. Qh5 f5 25. Qf3 Ne4 26. Qe2 Nc3 27. Qf3 Nd5 28. Nb8 Bb7
29. Nc6 Bxc6  0-1

[Event "36th Reykjavik op"]
[Site "Reykjavik ISL"]
[Date "2023.04.04"]
[Round "9.126"]
[White "Hauksson, Helgi"]
[Black "Haraldsson, Sigurjon"]
[WhiteElo "1637"]
[BlackElo "1864"]
[Result "0-1"]
[EventDate "2023.03.29"]
[PlyCount "64"]

1. e4 e5 2. Nf3 Nc6 3. Bb5 a6 4. Ba4 Nf6 5. O-O b5 6. Bb3 Be7 7. c3 O-O 8. Re1 d6
9. h3 Na5 10. Bc2 c5 11. d4 Qc7 12. Nbd2 cxd4 13. cxd4 Bb7 14. Nf1 Rac8 15. Bd3 Nc6
16. d5 Nb4 17. Ne3 Nxd3 18. Qxd3 g6 19. Nh2 Nh5 20. g3 Kh8 21. Nhg4 Qd7 22. Kh2 f5
23. exf5 gxf5 24. Nh6 Ng7 25. b3 Bf6 26. Nexf5 e4 27. Qb1 Nxf5 28. Ng4 Bg7 29. Bb2
Nd4 30. Rxe4 Nf3+ 31. Kg2 Bxd5 32. Bxg7+ Qxg7  0-1

[Event "36th Reykjavik op"]
[Site "Reykjavik ISL"]
[Date "2023.04.04"]
[Round "9.127"]
[White "Bajoghli, Navid"]
[Black "Kreutner, Maximilian"]
[WhiteElo "1598"]
[BlackElo "1860"]
[Result "1/2-1/2"]
[EventDate "2023.03.29"]
[PlyCount "107"]

1. d4 d5 2. c4 e6 3. Nc3 Be7 4. cxd5 exd5 5. Nf3 c6 6. Bf4 Bf5 7. e3 Nf6 8. h3 Qb6
9. Qb3 O-O 10. Qxb6 axb6 11. g4 Be6 12. Bd3 Nbd7 13. Ke2 Ne8 14. Ng5 g6 15. f3 Bd6
16. Bxd6 Nxd6 17. h4 Rfe8 18. h5 Nf8 19. hxg6 hxg6 20. Kf2 Kg7 21. Nh3 b5 22. a3
Ra7 23. Nf4 Rea8 24. Raf1 Re8 25. Rh2 Raa8 26. Rfh1 Bd7 27. Rh3 Re7 28. Re1 Be6 29.
Rh2 Nd7 30. Reh1 Nf8 31. Re1 Ree8 32. Kg3 Bd7 33. Rhe2 Nh7 34. Rh2 Nf8 35. Kf2 Ra7
36. Kg3 Raa8 37. Kf2 Re7 38. Re2 Nh7 39. Re1 Nf8 40. Rh3 Nh7 41. Rh2 Nf8 42. Rh3
Ree8 43. Rh2 Ra7 44. Kg3 Rea8 45. Kf2 b6 46. Kg3 Nc4 47. Bxc4 dxc4 48. Rd1 c5 49.
dxc5 bxc5 50. Ne4 Rc8 51. Rd5 Rac7 52. Nd6 Rb8 53. Ne4 Rbc8 54. Nd6  1/2-1/2

[Event "36th Reykjavik op"]
[Site "Reykjavik ISL"]
[Date "2023.04.04"]
[Round "9.128"]
[White "Olafsson, Olafur"]
[Black "Wheatley, Wilfred"]
[WhiteElo "1130"]
[BlackElo "1854"]
[Result "0-1"]
[EventDate "2023.03.29"]
[PlyCount "76"]

1. d4 Nf6 2. c4 g6 3. Nc3 d5 4. Bg5 Ne4 5. Bh4 Nxc3 6. bxc3 dxc4 7. Qa4+ c6 8. Qxc4
Be6 9. Qb4 Qb6 10. Qxb6 axb6 11. a3 Bb3 12. e4 e6 13. Bg3 Nd7 14. Bd3 Rxa3 15. Rxa3
Bxa3 16. Ne2 b5 17. Kd2 Be7 18. Ra1 Ba4 19. Bc2 Nb6 20. Bc7 Nc4+ 21. Kd3 Kd7 22.
Bxa4 bxa4 23. Bf4 b5 24. Nc1 g5 25. Be3 h5 26. Na2 f5 27. Nb4 Bxb4 28. cxb4 f4 29.
Bd2 f3 30. g3 g4 31. Bf4 h4 32. Ra2 hxg3 33. Bxg3 Rd8 34. e5 Rf8 35. Ke4 Nb6 36.
Bh4 Nd5 37. Rb2 a3 38. Rb3 Ra8  0-1

[Event "36th Reykjavik op"]
[Site "Reykjavik ISL"]
[Date "2023.04.04"]
[Round "9.129"]
[White "Carey, Michael"]
[Black "Hallmundarson, Birkir"]
[WhiteElo "1852"]
[BlackElo "1499"]
[Result "1-0"]
[EventDate "2023.03.29"]
[PlyCount "57"]

1. c4 Nf6 2. Nf3 e6 3. Nc3 d5 4. e3 c5 5. cxd5 exd5 6. Bb5+ Nc6 7. d4 Bg4 8. O-O
a6 9. Bxc6+ bxc6 10. b3 Be7 11. dxc5 Bxc5 12. Bb2 O-O 13. Rc1 Rc8 14. h3 Bh5 15.
Ne2 Bxf3 16. gxf3 Bd6 17. f4 Be7 18. Ng3 Qd7 19. Kh2 Rfd8 20. Rg1 Qd6 21. Nf5 Qd7
22. Nxg7 Kh8 23. Nh5 Qf5 24. Rg5 Qe6 25. Re5 Rd6 26. Rxe6 Rxe6 27. Qg4 Rg8 28. Qh4
Rg6 29. f5  1-0

[Event "36th Reykjavik op"]
[Site "Reykjavik ISL"]
[Date "2023.04.04"]
[Round "9.130"]
[White "Heidarsson, Mikael Bjarki"]
[Black "Ostensson, Julia"]
[WhiteElo "1591"]
[BlackElo "1822"]
[Result "0-1"]
[EventDate "2023.03.29"]
[PlyCount "82"]

1. d4 d6 2. c4 Nf6 3. Nc3 g6 4. e4 Bg7 5. Be2 O-O 6. Bg5 c5 7. d5 e6 8. Qd2 exd5
9. exd5 Re8 10. Nf3 Nbd7 11. O-O Ne5 12. Nxe5 Rxe5 13. f4 Re8 14. Bf3 h6 15. Bh4
Bf5 16. Rae1 Qd7 17. h3 h5 18. Rf2 a6 19. a4 Rxe1+ 20. Qxe1 Bd3 21. Be2 Re8 22. Qd2
Bf5 23. Bd3 Ne4 24. Nxe4 Bxe4 25. Re2 Bxd3 26. Qxd3 Qxa4 27. b3 Qd7 28. Rxe8+ Qxe8
29. f5 Bd4+ 30. Kh2 Kg7 31. fxg6 fxg6 32. b4 Be5+ 33. g3 cxb4 34. c5 Qd7 35. Qc4
dxc5 36. Qxc5 Qd6 37. Qc4 a5 38. Qb5 Qc7 39. Kg2 Kh6 40. g4 hxg4 41. hxg4 Qc2+  0-1

[Event "36th Reykjavik op"]
[Site "Reykjavik ISL"]
[Date "2023.04.04"]
[Round "9.131"]
[White "Acevedo Mendez, Lisseth"]
[Black "Smarason, Kristjan Ingi"]
[WhiteElo "1816"]
[BlackElo "1469"]
[Result "1-0"]
[EventDate "2023.03.29"]
[PlyCount "57"]

1. d4 Nf6 2. Bf4 g6 3. Nf3 Bg7 4. c3 O-O 5. Nbd2 d6 6. e4 Nbd7 7. Be2 Re8 8. O-O
c6 9. h3 Qc7 10. a4 e5 11. dxe5 dxe5 12. Be3 a5 13. Qc2 Nh5 14. Rfd1 Nf4 15. Bf1
Nf6 16. Nc4 Nd7 17. Nd6 Rf8 18. Qd2 Ne6 19. Nxc8 Nf6 20. Nb6 Rad8 21. Qc2 Rb8 22.
Rd2 c5 23. Nc4 Nd7 24. Rad1 Rbd8 25. Ng5 Nxg5 26. Bxg5 f6 27. Bh4 Kh8 28. Ne3 Rfe8
29. Bb5  1-0

[Event "36th Reykjavik op"]
[Site "Reykjavik ISL"]
[Date "2023.04.04"]
[Round "9.132"]
[White "DebMisra, Ariv"]
[Black "Halldorsson, Kristjan"]
[WhiteElo "1457"]
[BlackElo "1809"]
[Result "1-0"]
[EventDate "2023.03.29"]
[PlyCount "67"]

1. e4 c5 2. a3 d6 3. Nf3 e6 4. d4 cxd4 5. Nxd4 a6 6. Nc3 Nf6 7. Bg5 Be7 8. Qd2 Qc7
9. Be2 h6 10. Be3 Nbd7 11. f3 b5 12. g4 Bb7 13. h4 Rc8 14. Kf2 Ne5 15. g5 hxg5 16.
hxg5 Rxh1 17. Rxh1 Nfd7 18. Rh8+ Nf8 19. f4 Nc4 20. Bxc4 Qxc4 21. f5 e5 22. f6 gxf6
23. Nf5 d5 24. gxf6 Bc5 25. Nxd5 Bxd5 26. Ng7+ Kd7 27. Qxd5+ Qxd5 28. exd5 Ng6 29.
Rxc8 Bxe3+ 30. Kxe3 Kxc8 31. Ke4 Kd7 32. Nf5 a5 33. Nh6 Ke8 34. Ng4  1-0

[Event "36th Reykjavik op"]
[Site "Reykjavik ISL"]
[Date "2023.04.04"]
[Round "9.137"]
[White "Frost, Niklas"]
[Black "Hafthorsson, Jon Ulfur"]
[WhiteElo "1774"]
[BlackElo "1434"]
[Result "1-0"]
[EventDate "2023.03.29"]
[PlyCount "53"]

1. d4 Nf6 2. Bf4 g6 3. Nc3 Bg7 4. Qd2 O-O 5. Bh6 d6 6. Bxg7 Kxg7 7. O-O-O Nbd7 8.
e4 e5 9. f4 Qe7 10. Nf3 exd4 11. Qxd4 Re8 12. Bb5 a6 13. Bxd7 Qxd7 14. h3 c5 15.
Qe3 d5 16. e5 Kh8 17. Qxc5 Ng8 18. Nxd5 Qf5 19. Nc7 Qxf4+ 20. Kb1 Bf5 21. Nxe8 Rc8
22. Nc7 f6 23. Rd4 Qg3 24. Rd2 b5 25. exf6 Rxc7 26. Ne5 Rxc5 27. Nf7#  1-0

[Event "36th Reykjavik op"]
[Site "Reykjavik ISL"]
[Date "2023.04.04"]
[Round "9.140"]
[White "Hetland, Even"]
[Black "Hagevi, Vidar"]
[WhiteElo "1680"]
[BlackElo "2054"]
[Result "1-0"]
[EventDate "2023.03.29"]
[PlyCount "129"]

1. d4 Nf6 2. c4 e6 3. Nc3 Bb4 4. Nf3 d5 5. e3 O-O 6. Bd2 c5 7. a3 Bxc3 8. Bxc3 cxd4
9. Nxd4 Ne4 10. Qc2 Nc6 11. Nxc6 bxc6 12. Bd3 Nxc3 13. Qxc3 Qe7 14. O-O e5 15. Rfd1
Bg4 16. Rd2 Rfd8 17. Bc2 Qg5 18. Kh1 h5 19. Bb3 h4 20. h3 Be6 21. Rad1 dxc4 22. Bxc4
Rxd2 23. Rxd2 Qf6 24. Bxe6 Qxe6 25. Rc2 Rc8 26. Qa5 Qf5 27. Qc5 g5 28. b4 g4 29.
hxg4 Qxg4 30. Rc4 e4 31. Qe7 h3 32. Qxe4 Qd1+ 33. Kh2 hxg2 34. Qxg2+ Kf8 35. Rg4
Qd6+ 36. Qg3 Rd8 37. Rg8+ Ke7 38. Qxd6+ Rxd6 39. Rc8 a6 40. Ra8 c5 41. bxc5 Rc6 42.
Kg3 Ke6 43. Rb8 Kf5 44. Rb6 Rxc5 45. Rxa6 Rc2 46. Ra4 Ra2 47. Rf4+ Ke6 48. a4 Ra1
49. Kf3 Ra2 50. Rb4 Ke5 51. Rb5+ Ke6 52. a5 f5 53. Kg3 Ra4 54. f3 Kf6 55. Rb6+ Kf7
56. Rb5 Kf6 57. Rb6+ Kf7 58. Ra6 Kg7 59. f4 Ra3 60. Kh4 Rxe3 61. Kg5 Rh3 62. Ra7+
Kg8 63. Kxf5 Rf3 64. a6 Rb3 65. Rb7  1-0

[Event "36th Reykjavik op"]
[Site "Reykjavik ISL"]
[Date "2023.04.04"]
[Round "9.141"]
[White "Bartelt, Max Peter"]
[Black "Brade, Henry"]
[WhiteElo "2031"]
[BlackElo "1668"]
[Result "1-0"]
[EventDate "2023.03.29"]
[PlyCount "63"]

1. Nf3 d5 2. d4 Nf6 3. g3 c5 4. Bg2 cxd4 5. O-O e6 6. Nxd4 Bc5 7. b3 O-O 8. Bb2 a6
9. Nd2 Re8 10. e3 Bd7 11. c4 Nc6 12. Rc1 Ba7 13. Qe2 e5 14. Nxc6 Bxc6 15. Rfd1 d4
16. Nf3 Bxf3 17. Qxf3 e4 18. Qf5 d3 19. Bxf6 Qxf6 20. Bxe4 Qh6 21. Rxd3 Rad8 22.
Rcd1 g6 23. Qf6 Rxd3 24. Rxd3 Qf8 25. Bxb7 Bc5 26. Rd7 Be7 27. Qf4 Rd8 28. Rxd8 Bxd8
29. Bxa6 Kg7 30. Bb7 Qc5 31. Qd4+ Qxd4 32. exd4  1-0

[Event "36th Reykjavik op"]
[Site "Reykjavik ISL"]
[Date "2023.04.04"]
[Round "9.143"]
[White "Dasgupta, Avyukt"]
[Black "Gudnyjarson, Sigurdur Pall"]
[WhiteElo "1896"]
[BlackElo "1664"]
[Result "1-0"]
[EventDate "2023.03.29"]
[PlyCount "93"]

1. d4 d5 2. Bf4 c5 3. e3 Nc6 4. c3 Nf6 5. Nf3 Qb6 6. Qb3 c4 7. Qc2 Bf5 8. Qc1 e6
9. Nbd2 Be7 10. Be2 h6 11. h3 O-O 12. b3 Qa5 13. b4 Qb6 14. a4 Rfc8 15. Ne5 Nxe5
16. Bxe5 Ne4 17. Nxe4 Bxe4 18. f3 Bg6 19. O-O f6 20. Bg3 Bd6 21. Bxd6 Qxd6 22. Qd2
a6 23. Rae1 Qc6 24. Bd1 Bd3 25. Rf2 Re8 26. Bc2 Bxc2 27. Qxc2 e5 28. Rfe2 exd4 29.
exd4 Rxe2 30. Qxe2 Qd7 31. Qe6+ Qf7 32. Qd6 Re8 33. Rxe8+ Qxe8 34. Qxd5+ Kh8 35.
Qxc4 Qe1+ 36. Kh2 Qe3 37. d5 Qe5+ 38. f4 Qd6 39. Qd4 Kg8 40. c4 Kf7 41. c5 Qd7 42.
d6 Ke8 43. Qd5 Kd8 44. Qg8+ Qe8 45. Qxg7 Qxa4 46. Qc7+ Ke8 47. Qe7#  1-0

[Event "36th Reykjavik op"]
[Site "Reykjavik ISL"]
[Date "2023.04.04"]
[Round "9.144"]
[White "Finnsson, Johann Arnar"]
[Black "Morris, Simon"]
[WhiteElo "1874"]
[BlackElo "1648"]
[Result "1-0"]
[EventDate "2023.03.29"]
[PlyCount "53"]

1. c4 c6 2. g3 d5 3. Bg2 Nf6 4. cxd5 cxd5 5. Nf3 Nc6 6. O-O Bf5 7. d3 h6 8. Qa4 Qd7
9. Nc3 e6 10. Bf4 Bd6 11. Bxd6 Qxd6 12. e4 dxe4 13. dxe4 Nxe4 14. Nxe4 Bxe4 15. Qxe4
O-O 16. Rfd1 Qc7 17. Rac1 Rfd8 18. Nd4 Rd6 19. Nxc6 Rxd1+ 20. Rxd1 bxc6 21. Qxc6
Qxc6 22. Bxc6 Rc8 23. Ba4 a5 24. Rd7 Rc1+ 25. Kg2 Ra1 26. a3 Rb1 27. Rd8+  1-0

[Event "36th Reykjavik op"]
[Site "Reykjavik ISL"]
[Date "2023.04.04"]
[Round "9.145"]
[White "Krumm, Arthur"]
[Black "Buchert, Matthaus"]
[WhiteElo "1843"]
[BlackElo "1641"]
[Result "1/2-1/2"]
[EventDate "2023.03.29"]
[PlyCount "83"]

1. d4 d5 2. Nc3 Nf6 3. Bf4 g6 4. Nf3 Bg7 5. h3 O-O 6. e3 c5 7. Nb5 Na6 8. c3 Bf5
9. Be2 Nd7 10. O-O Nf6 11. a4 Ne4 12. Bd3 Re8 13. Re1 f6 14. Nd2 Nxf2 15. Kxf2 Bxd3
16. Bg3 e5 17. Nb3 c4 18. Nc1 Be4 19. Rg1 f5 20. Ne2 Re6 21. Bh2 Qg5 22. Ng3 Bd3
23. Qf3 e4 24. Qf4 Qxf4+ 25. exf4 Rc6 26. Nf1 Bxf1 27. Rgxf1 Nc7 28. Nxc7 Rxc7 29.
Ke2 Bf6 30. Rg1 Rg7 31. Rab1 Rc8 32. g4 a5 33. Bg3 h5 34. g5 Bd8 35. Be1 Rc6 36.
Bd2 Rb6 37. b3 cxb3 38. Rb2 Rc6 39. Rxb3 Rc4 40. Rgb1 b6 41. Ra1 Rd7 42. Rb5  1/2-1/2

[Event "36th Reykjavik op"]
[Site "Reykjavik ISL"]
[Date "2023.04.04"]
[Round "9.146"]
[White "Patel, Zain"]
[Black "Saliba, Karl"]
[WhiteElo "1833"]
[BlackElo "1570"]
[Result "1-0"]
[EventDate "2023.03.29"]
[PlyCount "43"]

1. c4 e6 2. Nc3 d5 3. d4 c5 4. cxd5 exd5 5. Nf3 Nc6 6. dxc5 d4 7. Na4 b5 8. cxb6
axb6 9. e3 b5 10. Bxb5 Qa5+ 11. Nc3 dxc3 12. Bxc6+ Ke7 13. O-O Ra6 14. Nd4 Nf6 15.
Bb5 Qc7 16. Bxa6 Bxa6 17. Re1 g6 18. Qc2 Bg7 19. bxc3 Ra8 20. Ba3+ Ke8 21. Red1 Bb7
22. Nb5  1-0

[Event "36th Reykjavik op"]
[Site "Reykjavik ISL"]
[Date "2023.04.04"]
[Round "9.147"]
[White "Danielsson, Grimur"]
[Black "Saemundsson, Bjarni"]
[WhiteElo "1570"]
[BlackElo "1826"]
[Result "0-1"]
[EventDate "2023.03.29"]
[PlyCount "89"]

1. d4 e6 2. Nf3 Nf6 3. c4 b6 4. Nc3 Bb7 5. a3 d5 6. e3 a5 7. cxd5 Nxd5 8. Bd3 c5
9. Bb5+ Bc6 10. e4 Nxc3 11. Bxc6+ Nxc6 12. bxc3 a4 13. O-O Be7 14. d5 exd5 15. exd5
Na7 16. Qxa4+ b5 17. Qg4 Bf6 18. Re1+ Kf8 19. Ne5 h5 20. Qf5 g6 21. Nd7+ Kg7 22.
Qxf6+ Qxf6 23. Nxf6 Kxf6 24. Bb2 c4 25. a4 Rhe8 26. Rxe8 Rxe8 27. a5 Rd8 28. Rd1
Nc6 29. a6 Ne5 30. f4 Nd3 31. Ba3 Ra8 32. Ra1 Nxf4 33. d6 Ke6 34. Bb4 Nd3 35. Kf1
Nxb4 36. cxb4 Kxd6 37. a7 Kd5 38. Ra6 c3 39. Ke2 Kc4 40. Rc6+ Kxb4 41. Rc7 Kb3 42.
Rxf7 c2 43. Rc7 Kb2 44. Kd2 Rd8+ 45. Ke2  0-1

[Event "36th Reykjavik op"]
[Site "Reykjavik ISL"]
[Date "2023.04.04"]
[Round "9.148"]
[White "Jonatansson, Sigurdur Freyr"]
[Black "Jonsson, Olafur Gisli"]
[WhiteElo "1551"]
[BlackElo "1817"]
[Result "0-1"]
[EventDate "2023.03.29"]
[PlyCount "68"]

1. e4 e5 2. Nf3 Nc6 3. Bb5 a6 4. Ba4 Nf6 5. c3 b5 6. Bc2 d6 7. h3 Be7 8. O-O O-O
9. Re1 Bb7 10. d4 h6 11. Nbd2 Re8 12. d5 Nb8 13. a4 c6 14. dxc6 Nxc6 15. c4 Nb4 16.
axb5 Nxc2 17. Qxc2 axb5 18. Rxa8 Qxa8 19. cxb5 Bd8 20. b4 Re6 21. Bb2 Nh5 22. Ra1
Qb8 23. Ne1 Rg6 24. Nd3 Bb6 25. Nc4 Bxe4 26. Nxb6 Rxg2+ 27. Kf1 Qxb6 28. Rd1 Nf4
29. Qc8+ Kh7 30. Qc2 Rh2 31. Ke1 Nxd3+ 32. Rxd3 Qxb5 33. Ke2 Rxh3 34. f3 Rxf3  0-1